Statistics for Guess a European City #4

Click here to take the quiz!

General Stats

  • This quiz has been taken 26 times
  • The average score is 7 of 12

Answer Stats

QuestionHintAnswer% Correct
The city is called La Grassa (fat) because of its traditionally caloric cuisine. The city is famous, among others made of tiny, stuffed tortellini dumplings and the famous sauce.BBologna
100%
The cathedral from this city, where Charlemagne and Otto III are buried, was included in the UNESCO World Cultural and Natural Heritage List.AAachen
68%
The largest city and the historic capital of Transylvania.CCluj-Napoca
68%
Located on the Mediterranean Sea. The current name comes from the Arabic word Al-Mariyya, meaning an observation tower.AAlmeria
64%
Romania's largest commercial port, situated on the Black Sea.CConstanta
64%
The city is the sixth largest city in Belarus and the second largest city in terms of its area.BBrest
60%
The largest university in the city is the University of Burgundy.DDijon
60%
The city has six universities, including one of the largest in the country - Ruhr-Universität with 30,000 students.BBochum
52%
The city covers an area of 565 km² and is divided into 5 sectors: Centru, Botanica, Buiucani, Râșcani, Ciocana.CChisinau
44%
It is called "Donny" by the locals.DDoncaster
36%
The biggest achievement of the team from this city in the international arena is participation in the finals of the UEFA Europa League in 2015 at the National Stadium in Warsaw.DDnipro
28%
It is the largest port city in its country and the second largest port city in Europe after Rotterdam, with a total transhipment of 110 million tons per year.AAntwerpen
20%

Score Distribution

Percentile by Number Answered

Percent of People with Each Score

Your Score History

You have not taken this quiz